000 01428nam0a2200313 4500
001 RU\NLR\BIBL_A\011454207
005 20260407063618.0
010 _a9785389081420
_93000
021 _aRU
_b2017-52639
_93765
035 _a(RuMoRGB)008940664
035 _a(NLR Aleph) 011454207
090 _a11769198
_c11769198
100 _a20170814d2017 u y0rusy50 ca
101 1 _arus
_ceng
102 _aRU
105 _ay z 000ay
200 1 _aМалое собрание сочинений
_fГовард Филлипс Лавкрафт
_g[перевод с английского О. Алякринского и др.]
210 _aСанкт-Петербург
_cАзбука
_cАзбука-Аттикус
_d2017
215 _a876, [2] с.
_d22
327 0 _aСодерж.: Дагон ; Храм ; Иные боги ; Сияние извне ; Ужас Данвича ; Шепчущий из тьмы ; Мгла над Инсмутом ; За гранью времен ; Хребты безумия ; Тварь на пороге ; Серебряный ключ [и др.]
333 _a16+
686 _aШ5(7США)61-644.5
_2rubbk
686 1 _aШ6(7США)67-445{Лх1978-62}
700 1 _7ca
_8rus
_aЛавкрафт
_bГ. Ф.
_f1890-1937
_gГовард Филлипс
_9123422
_3RU\NLR\auth\7713740
942 _cBOOK
980 _aNBR